Odvetvie hudby v prípadovej štúdii festivalu vážnej hudby v Bratislavskom regióne

Súčasťou kreatívneho priemyslu je okrem vizuálneho a scénického umenia aj odvetvie hudby. Subjekty zapojené do organizovania hudobných festivalov. Postavenie a organizácia hudobného festivalu Viva Musica. Situácia v Bratislavskom kraji.

Na minha lista:
Detalhes bibliográficos
Autor principal: Belvončíková, Eva, 1975-
Formato: Capítulo de Livro
Idioma:eslovaco
Assuntos:
Tags: Adicionar Tag
Sem tags, seja o primeiro a adicionar uma tag!

MARC

LEADER 00000nla a2200000 4500
001 0207848
005 20240502073446.1
041 0 |a slo 
044 |a SK 
245 1 0 |a Odvetvie hudby v prípadovej štúdii festivalu vážnej hudby v Bratislavskom regióne  |c Eva Belvončíková 
520 |a Súčasťou kreatívneho priemyslu je okrem vizuálneho a scénického umenia aj odvetvie hudby. Subjekty zapojené do organizovania hudobných festivalov. Postavenie a organizácia hudobného festivalu Viva Musica. Situácia v Bratislavskom kraji. 
610 2 0 |a priemysel umelecký 
610 2 0 |a priemysel kreatívny 
610 2 0 |a kreativita 
610 2 0 |a umenie 
610 2 0 |a hudba 
610 2 0 |a propagácia 
610 2 0 |a štúdie prípadové 
100 1 |a Belvončíková, Eva, 1975-